000 00718nam a22002297a 4500
010 _aA-540983
020 _a8121505400
035 _aA-540983
037 _bCen Lib / Ret
040 _aDPL
_bEN
082 _a954.07
_bGUP
100 _aGupta, Hari Ram
245 _aHistory of the Sikhs /
_cby Hari Ram Gupta
260 _aNew Delhi
_bMunshiram Manoharlal Publishers Pvt Ltd
_c1991
270 _aPost Box 5715, 54 Rani Jhansi Road
_bNew Delhi
_e110055
300 _av 5. ; ix, 630
_b24cm(Hb)
505 _av. 5. The Sikh kingdom its rise and fall, 1799-1849
650 _aSikhs -- History.
650 _aPunjab (India) -- History.
650 _aSikhs.
942 _2ddc
_cEN
_h954.07
_mGUP
999 _c136590
_d136590